| 000 | 00565nmm a22002177a 4500 | ||
|---|---|---|---|
| 005 | 20180928175742.0 | ||
| 008 | 180928b xxu||||| |||| 00| 0 spa d | ||
| 041 | _aSPA | ||
| 082 | _aDE 202 | ||
| 100 |
_aBarboza, Jimena _950024 |
||
| 245 | _aOmdisa Importadora Centroamericana S.A | ||
| 260 | _c2017 | ||
| 650 |
_aCOSTA RICA _950033 |
||
| 650 |
_aADMINISTRACIÓN DE EMPRESAS _9521 |
||
| 650 |
_aPRODUCTOS _9636 |
||
| 650 |
_aVENTAS _9635 |
||
| 650 |
_aMINORISTAS _950026 |
||
| 650 |
_aCLIENTES _9517 |
||
| 650 |
_aARTÍCULOS PLÁSTICOS _950027 |
||
| 942 | _cIP | ||
| 999 |
_c11205 _d11205 |
||